| 000 | 01312nam a2200337Ia 4500 | ||
|---|---|---|---|
| 001 | ebr10659079 | ||
| 003 | CaPaEBR | ||
| 006 | m u | ||
| 007 | cr cn||||||||| | ||
| 008 | 091214s2010 nyua sb 001 0 eng d | ||
| 010 | _z 2009049848 | ||
| 020 | _z1608769461 (softcover) | ||
| 020 | _z9781608769469 (softcover) | ||
| 020 | _z9781614702016 | ||
| 040 |
_aCaPaEBR _cCaPaEBR |
||
| 035 | _a(OCoLC)777548912 | ||
| 050 | 1 | 4 |
_aQC793.5.N4628 _bW36 2010eb |
| 082 | 0 | 4 |
_a539.7/3 _222 |
| 100 | 1 |
_aWang, J. G. _q(Jian Guang) |
|
| 245 | 1 | 0 |
_aMagnetic fringe fields and interference in high intensity accelerators _h[electronic resource] / _cJ.G. Wang. |
| 260 |
_aHauppauge, N.Y. : _bNova Science Publishers, _cc2010. |
||
| 300 |
_axi, 196 p. : _bill. |
||
| 504 | _aIncludes bibliographical references and index. | ||
| 533 |
_aElectronic reproduction. _bPalo Alto, Calif. : _cebrary, _d2013. _nAvailable via World Wide Web. _nAccess may be limited to ebrary affiliated libraries. |
||
| 650 | 0 |
_aNeutrons _xScattering. |
|
| 650 | 0 | _aSpallation (Nuclear physics) | |
| 650 | 0 | _aProton accelerators. | |
| 655 | 7 |
_aElectronic books. _2local |
|
| 710 | 2 | _aebrary, Inc. | |
| 856 | 4 | 0 |
_uhttp://site.ebrary.com/lib/rucke/Doc?id=10659079 _zAn electronic book accessible through the World Wide Web; click to view |
| 999 |
_c177675 _d177675 |
||